| 000 | 00000nam 22000008a 4500 |
| 001 | 9.838914 |
| 003 | CaOODSP |
| 005 | 20221107151505 |
| 007 | cr ||||||||||| |
| 008 | 170804s1972 onc o| f000 0 eng d |
| 040 | |aCaOODSP|beng |
| 043 | |an-cn-bc |
| 086 | 1 |aR44-46/1972E-PDF |
| 245 | 10|aSuggestions for social orientation programs, Terrace, B.C. |h[electronic resource] / |cFrances I. McKay. |
| 260 | |aOttawa : |bAdult Education, Department of Indian Affairs and Northern Development, |c1972. |
| 300 | |a[17] p. |
| 500 | |a"May 1972." |
| 500 | |aDigitized edition from print [produced by Indigenous and Northern Affairs Canada]. |
| 692 | 07|2gccst|aAboriginal peoples |
| 692 | 07|2gccst|aVocational training |
| 692 | 07|2gccst|aLife skills |
| 700 | 1 |aMcKay, Frances I. |
| 710 | 2 |aIndian and Eskimo Affairs Program (Canada). |bEducation Branch. |
| 710 | 1 |aCanada. |bIndian and Northern Affairs Canada. |
| 856 | 40|qPDF|s2.71 MB|uhttps://publications.gc.ca/collections/collection_2017/aanc-inac/R44-46-1972-eng.pdf |